000 00640nam a2200193 a 4500
090 _aIAVH
_b01299 CD-6
041 _aspa
245 _aPOMCA San Jorge
249 _aInforme de actividades de apoyo en los eventos de socialización y retroalimentación del PAB Córdoba
260 _aMontería
_bIAVH
_bCVS
_c2008
300 _a1 CD
650 _aSIG
_927722
650 _aRecursos hídricos
_992528
650 _aEcosistemas
_992256
650 _aInventarios
_992201
650 _aCartografía
_992714
662 _bCórdoba
773 _tInforme de actividades de apoyo en los eventos de socialización y retroalimentación del PAB Córdoba
999 _c7217
_d7217